| 000 | 00000nam##2200000za#4500 |
| 001 | 9.571818 |
| 003 | CaOODSP |
| 005 | 20210624182919 |
| 007 | cr ||||||||||| |
| 008 | 150406|2001||||xxc|||||o f|0| 0 eng|d |
| 040 | |aCaOODSP|beng |
| 043 | |an-cn--- |
| 086 | 1 |aNH18-24/35E-PDF |
| 110 | 2 |aCanada Mortgage and Housing Corporation. |
| 245 | 10|aHiring a home inspector |h[electronic resource] |
| 260 | |aOttawa - Ontario : |bCanada Mortgage and Housing Corporation |cc2001. |
| 300 | |a4p. |
| 490 | 1 |aAbout your house |vCE35 |
| 590 | |a11-23-Supp|b2011-10-17 |
| 690 | 07|aHousing|2gcpds |
| 690 | 07|aInspection|2gcpds |
| 775 | 08|tLe choix d'un inspecteur en bâtiment |w(CaOODSP)9.602241 |
| 776 | 0#|tHiring a home inspector |w(CaOODSP)9.616122 |
| 830 | #0|aAbout your house ;|vCE35|w(CaOODSP)9.505388 |
| 856 | 40|ahttp://publications.gc.ca|qPDF|s111 KB|uhttps://publications.gc.ca/collections/Collection/NH18-24-35E.pdf|yCE35 |